Quiz dla głupich - Statystyki

Ogólne statystyki
  • Ten quiz został rozwiązany 125 razy
  • Średni wynik to 8 z 10
Statystyki odpowiedzi
Hint Odpowiedź % Poprawnych
8:2= 4
89%
5-1= 4
88%
2*2*2-4= 4
88%
400-396= 4
88%
4*4-12= 4
87%
2*2= 4
86%
16:4= 4
86%
2+2= 4
84%
na odwrót 4
54%
2+2+1= 5
39%
Nie znaleziono quizów pasujących do podanych kryteriów
Rozkład punktacji
Procent ludzi z każdym wynikiem
Percentyl według liczby udzielonych odpowiedzi
Twoja historia wyników
Nie rozwiązałeś tego quizu